| 000 | 00838na a2200265 4500 | ||
|---|---|---|---|
| 001 | 12718 | ||
| 003 | MIRAKIL | ||
| 005 | 20181213154936.0 | ||
| 008 | 160816b tu 000 0 | ||
| 020 | _a9751932750 | ||
| 035 | _a12718 | ||
| 040 |
_aMilas _btur _cTR-AnCHP |
||
| 082 |
_a297.7 _bŞ34f |
||
| 090 | _a297.7 Ş34f 2002 | ||
| 100 | _aŞeker, Mehmet | ||
| 245 |
_aFatih devri Osmanlı müelliflerinden Ali b. Hüseyin el-amasi ve taiku'l-edeb'i _cMehmet Şeker |
||
| 260 |
_aAnkara _bDiyanet İşleri Başkanlığı _c2002 |
||
| 300 |
_a303 s. _c19 sm. |
||
| 490 |
_aİlmi Eserler _v88 |
||
| 490 |
_aDiyanet İşleri Başkanlığı yayınları _v556 |
||
| 500 | _aEserin sonunda "Tariku'l-Edeb" adlı arapça metin var. | ||
| 504 | _aKaynakça ve dizin var | ||
| 650 |
_aİslam ahlakı _xDin eğitimi |
||
| 942 |
_2dcc _cBKS |
||
| 999 |
_c3592 _d3592 |
||